Understanding television: guidelines for visual literacy. -- (Record no. 78481)

MARC details
000 -LEADER
fixed length control field 01594nam a2200253 a 4500
008 - FIXED-LENGTH DATA ELEMENTS--GENERAL INFORMATION
fixed length control field 080219s1989 ||||||||||||||||| || u
020 ## - INTERNATIONAL STANDARD BOOK NUMBER
International Standard Book Number 0702122556
050 ## - LIBRARY OF CONGRESS CALL NUMBER
Classification number LB 1068 Dip
100 ## - MAIN ENTRY--PERSONAL NAME
Personal name Du Plooy, Gertruidia M
245 10 - TITLE STATEMENT
Title Understanding television: guidelines for visual literacy. --
Statement of responsibility, etc. Gertruida M. Du Plooy
260 ## - PUBLICATION, DISTRIBUTION, ETC.
Place of publication, distribution, etc. Cape Town
Name of publisher, distributor, etc. Juta and Company
Date of publication, distribution, etc. 1989
300 ## - PHYSICAL DESCRIPTION
Extent x, 111p: ill.
350 ## -
-- 0.00
650 ## - SUBJECT ADDED ENTRY--TOPICAL TERM
Topical term or geographic name entry element TELEVISION
650 #0 - SUBJECT ADDED ENTRY--TOPICAL TERM
Topical term or geographic name entry element VISUAL LITERACY
650 ## - SUBJECT ADDED ENTRY--TOPICAL TERM
Topical term or geographic name entry element TELEVISION AND LITERACY
650 ## - SUBJECT ADDED ENTRY--TOPICAL TERM
Topical term or geographic name entry element TELEVISION IN EDUCATION
995 ## -
-- ANNEX COLLECTION (Main Library)
-- 0.00
-- 738477
-- CBU-MAIN LIBRARY (Kitwe)
-- 1
-- 0.00
-- LB 1068 DUP
-- 2
-- AVAILABLE
-- Feb 19, 2008
-- 738477
-- Annex Low-Usage Collection
995 ## -
-- MAIN LIBRARY OPEN ACCESS
-- 0.00
-- 738479
-- CBU-MAIN LIBRARY (Kitwe)
-- 1
-- 0.00
-- LB 1068 DUP
-- 4
-- AVAILABLE
-- Feb 19, 2008
-- 738479
-- Main Library Open Access Collection
995 ## -
-- ANNEX COLLECTION (Main Library)
-- 0.00
-- 738476
-- CBU-MAIN LIBRARY (Kitwe)
-- 1
-- 0.00
-- LB 1068 DUP
-- 1
-- AVAILABLE
-- Feb 19, 2008
-- 738476
-- Annex Low-Usage Collection
995 ## -
-- ANNEX COLLECTION (Main Library)
-- 0.00
-- 738480
-- CBU-MAIN LIBRARY (Kitwe)
-- 1
-- 0.00
-- LB 1068 DUP
-- 5
-- AVAILABLE
-- Feb 19, 2008
-- 738480
-- Annex Low-Usage Collection
995 ## -
-- MAIN LIBRARY OPEN ACCESS
-- 0.00
-- 738481
-- CBU-MAIN LIBRARY (Kitwe)
-- 1
-- 0.00
-- LB 1068 DUP
-- 6
-- AVAILABLE
-- Feb 19, 2008
-- 738481
-- Main Library Open Access Collection
995 ## -
-- ANNEX COLLECTION (Main Library)
-- 0.00
-- 738478
-- CBU-MAIN LIBRARY (Kitwe)
-- 1
-- 0.00
-- LB 1068 DUP
-- 3
-- AVAILABLE
-- Feb 19, 2008
-- 738478
-- Annex Low-Usage Collection
999 ## -
-- 78481
-- 78481
Holdings
Withdrawn status Lost status Source of classification or shelving scheme Damaged status Not for loan Permanent Location Current Location Date acquired Full call number Barcode Date last seen Copy number Price effective from Koha item type Shelving location Total Checkouts
Withdrawn         CBU-MAIN LIBRARY, KITWE. CBU-MAIN LIBRARY, KITWE. 05/17/2023 LB 1068 Dip 738477 05/17/2023 1 05/17/2023 MONOGRAPH    
          CBU-MAIN LIBRARY, KITWE. CBU-MAIN LIBRARY, KITWE. 05/17/2023 LB 1068 Dip 738479 05/17/2023 2 05/17/2023 MONOGRAPH    
Withdrawn         CBU-MAIN LIBRARY, KITWE. CBU-MAIN LIBRARY, KITWE. 05/17/2023 LB 1068 Dip 738476 05/17/2023 3 05/17/2023 MONOGRAPH    
          CBU-MAIN LIBRARY, KITWE. CBU-MAIN LIBRARY, KITWE. 05/17/2023 LB 1068 Dip 738480 05/17/2023 4 05/17/2023 MONOGRAPH    
          CBU-MAIN LIBRARY, KITWE. CBU-MAIN LIBRARY, KITWE. 05/17/2023 LB 1068 Dip 738481 05/17/2023 5 05/17/2023 MONOGRAPH    
          CBU-MAIN LIBRARY, KITWE. CBU-MAIN LIBRARY, KITWE. 05/17/2023 LB 1068 Dip 738478 05/17/2023 6 05/17/2023 MONOGRAPH